We ca do this together / (Record no. 106299)
[ view plain ]
| 000 -LEADER | |
|---|---|
| fixed length control field | 00469nam a2200181 a 4500 |
| 005 - DATE AND TIME OF LATEST TRANSACTION | |
| control field | 20140412111428.0 |
| 008 - FIXED-LENGTH DATA ELEMENTS--GENERAL INFORMATION | |
| fixed length control field | 090224s19uu xx 00 eng d |
| 020 ## - INTERNATIONAL STANDARD BOOK NUMBER | |
| International Standard Book Number | 0-439-87126-3 |
| 050 ## - LIBRARY OF CONGRESS CALL NUMBER | |
| Classification number | TR(PS E |
| Item number | We 2007 |
| 100 ## - MAIN ENTRY--PERSONAL NAME | |
| Personal name | Parker, David |
| 245 ## - TITLE STATEMENT | |
| Title | We ca do this together / |
| Statement of responsibility, etc | David Parker. |
| 260 ## - PUBLICATION, DISTRIBUTION, ETC. (IMPRINT) | |
| Place of publication, distribution, etc | U.S.A : |
| Name of publisher, distributor, etc | Scholastic, |
| Date of publication, distribution, etc | 2007. |
| 300 ## - PHYSICAL DESCRIPTION | |
| Extent | unp. |
| 440 ## - SERIES STATEMENT/ADDED ENTRY--TITLE | |
| Title | The Best me i can be |
| 650 ## - SUBJECT ADDED ENTRY--TOPICAL TERM | |
| Topical term or geographic name as entry element | Community Garden |
| Withdrawn status | Lost status | Damaged status | Use restrictions | Home library | Current library | Shelving location | Date acquired | Source of acquisition | Cost, normal purchase price | Total Checkouts | Full call number | Barcode | Date last seen | Price effective from | Koha item type |
|---|---|---|---|---|---|---|---|---|---|---|---|---|---|---|---|
| Elizalde Library | Elizalde Library | Teachers Reference Section | 02/24/2009 | 95.00 | TR(PS E We 2007 | E11558 | 04/12/2014 | 04/12/2014 | Books | ||||||
| Elizalde Library | Elizalde Library | Teachers Reference Section | 02/24/2009 | 95.00 | TR(PS E We 2007 | E11557 | 04/12/2014 | 04/12/2014 | Books |